Born in Vienna - Statistics

General Stats
  • This quiz has been taken 38 times
  • The average score is 13 of 38
Answer Stats
Hinweis Antwort % Correct
Last Queen of France before the French Revolution. She later got executed by guillotine. 1755 Marie-Antoinette
86%
Composer and son of a composer with the same name. "Blue Danube" 1825 Johann Strauß
74%
Formula One Champion and aviation entrepreneur 1949 Niki Lauda
63%
Singer, "Rock me Amadeus" "Der Komissar". Best selling Austrian singer of all time and only german singing artist who reached No.1 on the Billboard charts 1957 Falco
54%
Composer of the early Romantic era and influencer of several other composers 1797 Franz Schubert
54%
Nobel Prize-winning physicist, Also known for a thought experiment with a cat 1887 Erwin Schrödinger
51%
Medical theorist for whom Asperger syndrome is named 1906 Hans Asperger
51%
Matriarch of the Trapp Family Singers and inspiration for "Sound of Music" 1905 Maria von Trapp
51%
ÖVP-Politician and current Chancellor of Austria 1986 Sebastian Kurz
46%
Composer of the Classical period. "Father of the Symphony" 1732 Joseph Haydn
43%
Empress of Austria-Hungary 1717 Maria Theresa
43%
current President of Austria anf former professor of economics 1944 Alexander van der Bellen
40%
Footballer, Real Madrid and former Bayern Munich 1992 David Alaba
40%
Economist and philosopher who is best known for his defence of classical liberalism. Winner of the Nobel Memorial Prize in Economics. 1899 Friedrich August von Hayek
37%
Actress with international sucess mainly in the French film industry. "Sissi"-Trilogy "The Swimming Pool" "The Trial" 1938 Romy Schneider
37%
Academy Award winning actor, "Inglorious Basterds" "Django Unchained" 1956 Christoph Waltz
34%
Director, "Metropolis" "M" 1890 Fritz Lang
34%
former Vice Chancellor of Austria and chairman of the FPÖ. "Ibiza affair" 1969 Heinz-Christian Strache
31%
Footballer and "bad boy of Austrian football", Shanghai Port (former West Ham United, Stoke City and Werder Bremen) 1989 Marko Arnautovic
31%
SPÖ-Politician and longest serving Chancellor in republican Austria 1911 Bruno Kreisky
29%
retired Footballer, regarded as one of Austria's greastest players 1953 Hans Krankl
29%
Considered one of the greatest philosophers of the 20th century 1889 Ludwig Wittgenstein
29%
CEO and Team Principal of Mercedes Formula One Team 1972 Toto Wolff
29%
Danish footballer, Bayern, Glasgow Rangers, Ajax Amsterdam. His brother Michael was a known footballer too 1969 Brian Laudrup
26%
Former jurist who served as first female Chancellor of Austria 1949 Brigitte Bierlein
26%
all-time leading Goalscorer for the Austrian national team, Sevilla, Bremen and Austria Wien 1964 Toni Polster
26%
SPÖ-politician and former Chancellor of Austria 1937 Franz Vranitzky
23%
SS-functionary and war criminal, famous from "Schindler's List" potrayed by Ralph Fiennes 1908 Amon Göth
20%
Physicist and one of those responsible for the discovery of nuclear fission. 1878 Lise Meitner
20%
Academy Award winning actor for the film "Judgment at Nuremberg" 1930 Maximilian Schell
20%
Austria's most capped player of all-time, Rapid Wien and Werder Bremen 1968 Andreas Herzog
17%
Business magnate, engineer and long-time chairman of Volkswagen 1937 Ferdinand Piech
17%
first NBA-player from Austria, San Antonio Spurs 1995 Jakob Pöltl
17%
One of the greatest football managers of all time, two times winner of the European Cup and champion in Austria, Germany, Belgium and Netherlands 1925 Ernst Happel
14%
Austrian Footballer, VfB Stuttgart 1997 Saša Kalajdžić
14%
Nobel Prize-winning physicist and one of the pioneers of quantum physics 1900 Wolfgang Pauli
14%
Jurist who served on the US Supreme Court from 1939 to 1962 1882 Felix Frankfurter
11%
female writer known for her accounts of her persecution by the Nazis because of her Jewish ancestry 1921 Ilse Aichinger
11%
No matching quizzes found
Score Distribution
Percent of People with Each Score
Percentile by Number Answered
Your Score History
You have not taken this quiz